000 00580nam a2200265Ia 4500
005 20260127112925.0
008 008 260114s9999 xx 000 0 eng d
020 _a691115095
037 _aTextbook
040 _aPSDL
040 _beng
040 _cPSDL
041 _2eng
041 _aeng
084 _aW.2 P3
084 _qPSDL
245 4 _aThe Nation-state in Question
260 _aNew Jersey
260 _bPrinceton University Press
300 _a384p.
942 _cTB
942 _hW.2 P3
999 _c1673274
_d1673274